00199nam a2200085Ia 4500008004100000100001800041245002200059260002300081260000900104170620s9999 xx 000 0 und d aMishra - S.N. 0aIndian Penal code bCentral Law Agency c2004